000 00698cam a2200217 4500500
005 20260329004234.0
041 _afre
042 _adc
100 1 0 _ade Oliveira, Victorine
_eauthor
245 0 0 _aAdèle Van Reeth : “Emerson m’a montré que la solitude pouvait être créatrice”
260 _c2019.
500 _a29
690 _aAmérique
690 _aDonald Davidson
690 _aExistence
690 _aPerfectionnisme
690 _aRalph Waldo Emerson
690 _aVoix
786 0 _nPhilosophie magazine | 126 | 2 | 2019-02-01 | p. 28-30 | 1951-1787
856 4 1 _uhttps://shs.cairn.info/magazine-philosophie-magazine-2019-2-page-28?lang=fr&redirect-ssocas=7080
999 _c1832010
_d1832010